|
|
|
|
| LEADER |
00930nas a22002297i 4500 |
| 003 |
GR-PaULI |
| 005 |
20240906124349.0 |
| 008 |
161121c20019999gr tr|p |||| 00| b gre d |
| 022 |
|
|
|a 1109-1614
|l 1109-1614
|
| 040 |
|
|
|a GR-PaULI
|b gre
|e AACR2
|c GR-PaULI
|
| 082 |
|
|
|2 23
|a 805
|
| 245 |
0 |
0 |
|a Ο Φαρφουλάς
|
| 260 |
|
|
|a Αθήνα :
|b Διαμαντής Καράβολας
|
| 300 |
|
|
|a τχ . :
|c 27 εκ.
|b εικ. ;
|
| 362 |
|
|
|a Άρχισε με το τεύχος 1 (2001).
|
| 588 |
|
|
|a Η περιγραφή βασίζεται στο τεύχος 19-21 (2016).
|
| 650 |
|
0 |
|9 180572
|a Λογοτεχνία
|x Περιοδικά
|
| 866 |
|
|
|a τχ. 1 (2001)-τχ. 19-21 (2016);τχ. 22-24(2019)
|
| 942 |
|
|
|2 ddc
|c JNL
|
| 952 |
|
|
|0 0
|1 0
|2 ddc
|4 0
|6 805_000000000000000
|7 1
|9 326015
|a LISP
|b LISP
|c SER
|d 2021-06-16
|e ΠΑΤ
|i ΠΑΤ 437
|l 0
|o 805
|r 2021-06-16 00:00:00
|w 2021-06-16
|y JNL
|
| 998 |
|
|
|c ΙΩΑΝΝΟΥ
|d 2021-06
|
| 999 |
|
|
|c 183008
|d 183008
|